[Event "TSV Trostberg 1-SK Tarrasch Muenchen 1"]
[Site "?"]
[Date "2024.01.14"]
[Round "4.6"]
[White "Kern, Johannes"]
[Black "Koester, Roman"]
[Result "1-0"]
[WhiteElo "2148"]
[BlackElo "2045"]
[PlyCount "135"]
[EventDate "2024.??.??"]
[WhiteTeam "TSV Trostberg 1"]
[BlackTeam "SK Tarrasch München 1"]

1. d4 Nf6 2. Bf4 g6 3. Nc3 d5 4. e3 Nh5 5. Bg5 f6 6. Bh4 c6 7. Bd3 Nd7 8. g4 Ng7 9. Qe2 e5 10. e4 Ne6 11. exd5 Nxd4 12. Qe3 g5 13. Bg3 Bc5 14. Qd2 Nb6 15. Ne4 Be7 16. dxc6 Nxc6 17. h4 Bxg4 18. hxg5 f5 19. Nf6+ Bxf6 20. gxf6 e4 21. f3 exd3 22. fxg4 Nc4 23. Qxd3 Qxd3 24. cxd3 Ne3 25. Kd2 Nxg4 26. Rf1 O-O-O 27. Rxf5 Rdf8 28. f7 Nd8 29. Rh4 h5 30. Rhxh5 Rxh5 31. Rxh5 Rxf7 32. Ne2 Rf3 33. Rh4 Ne3 34. Bf4 Nd5 35. Bh2 Nc6 36. a3 Ne3 37. Bg1 Nd5 38. Nc3 Nf4 39. Be3 Ng2 40. Rh8+ Kd7 41. Rh7+ Ke6 42. Bc5 b6 43. Rh6+ Kd7 44. Rd6+ Kc7 45. Nb5+ Kb7 46. Rxc6 Rxd3+ 47. Kxd3 Kxc6 48. Kc4 bxc5 49. Nxa7+ Kb7 50. Nb5 Kc6 51. a4 Ne3+ 52. Kd3 Nd5 53. Nc3 Nb4+ 54. Kc4 Nc2 55. Nd5 Ne1 56. a5 Nf3 57. Ne7+ Kd6 58. a6 Ne5+ 59. Kb5 Kc7 60. Nd5+ Kb8 61. Kxc5 Ka7 62. Nb4 Nd7+ 63. Kb5 Nb8 64. Nc6+ Nxc6 65. Kxc6 Kxa6 66. b4 Ka7 67. b5 Kb8 68. Kb6 1-0

[Event "TSV Trostberg 1-SK Tarrasch Muenchen 1"]
[Site "?"]
[Date "2024.01.14"]
[Round "4.7"]
[White "Lipinsky, Markus"]
[Black "Mostbauer, Maximilian"]
[Result "1/2-1/2"]
[WhiteElo "1988"]
[BlackElo "2135"]
[PlyCount "39"]
[EventDate "2024.??.??"]
[WhiteTeam "SK Tarrasch München 1"]
[BlackTeam "TSV Trostberg 1"]

1. d4 e6 2. c4 b6 3. a3 Bb7 4. Nc3 Nf6 5. d5 d6 6. g3 g6 7. Bg2 Bg7 8. Nf3 O-O 9. O-O Qe7 10. Nd4 e5 11. Nc2 a5 12. e4 Nbd7 13. b4 axb4 14. axb4 Rxa1 15. Nxa1 Ra8 16. Nb3 Nb8 17. Qd2 Ba6 18. Qa2 Bb7 19. Qd2 Ba6 20. Qa2 1/2-1/2

[Event "TSV Trostberg 1-SK Tarrasch Muenchen 1"]
[Site "?"]
[Date "2024.01.14"]
[Round "4.8"]
[White "Hofstadler, Mario"]
[Black "Klenk, Robert"]
[Result "1-0"]
[WhiteElo "2107"]
[BlackElo "1977"]
[PlyCount "109"]
[EventDate "2024.??.??"]
[WhiteTeam "TSV Trostberg 1"]
[BlackTeam "SK Tarrasch München 1"]

1. d4 Nf6 2. c4 e6 3. Nf3 d5 4. g3 dxc4 5. Bg2 a6 6. O-O Nc6 7. e3 Rb8 8. Nfd2 Bd7 9. Nxc4 Bd6 10. Nc3 O-O 11. b3 b5 12. Nxd6 cxd6 13. d5 exd5 14. Nxd5 Nxd5 15. Qxd5 Qf6 16. Rb1 Ne7 17. Qd2 Rfd8 18. Bb2 Qg6 19. Rbc1 Rbc8 20. Bb7 Rxc1 21. Rxc1 Bc8 22. Qa5 Rf8 23. Bxc8 Nxc8 24. Qxa6 Qf5 25. Qc6 h5 26. a4 bxa4 27. bxa4 h4 28. gxh4 d5 29. Qc7 g6 30. Qg3 Nb6 31. a5 Nc4 32. Bc3 Qe6 33. Ra1 Nd6 34. Qe5 Qg4+ 35. Qg3 Qe6 36. Bd4 Ne4 37. Qg2 Ra8 38. f3 Nd6 39. Qf2 Nc4 40. Qe1 Ra6 41. Qg3 Nd6 42. Qg5 Kh7 43. Qd8 f6 44. Qc7+ Kh6 45. Rb1 Ra8 46. Rb6 Qc8 47. Qxc8 Nxc8 48. Rb5 Ne7 49. Bxf6 Nc6 50. Bc3 Ne7 51. Kf2 Rc8 52. Bd2 Rc2 53. Ke2 Ra2 54. Kd3 Ra4 55. e4+ 1-0

[Event "SK Weilheim 1-SC NT Nuernberg 1"]
[Site "?"]
[Date "2024.01.14"]
[Round "4.1"]
[White "Milov, Leonid"]
[Black "Lehner, Oliver"]
[Result "1/2-1/2"]
[WhiteElo "2427"]
[BlackElo "2394"]
[PlyCount "127"]
[EventDate "2024.??.??"]
[WhiteTeam "SC NT Nürnberg 1"]
[BlackTeam "SK Weilheim 1"]

1. d4 d5 2. Nf3 Bf5 3. c4 e6 4. Nc3 Nf6 5. Bg5 Bb4 6. Qa4+ Nc6 7. e3 O-O 8. Rc1 dxc4 9. Bxc4 a6 10. Be2 h6 11. Bxf6 Qxf6 12. O-O Bg6 13. Ne5 b5 14. Qb3 Nxe5 15. Qxb4 Nd7 16. Bf3 Ra7 17. Ne4 Bxe4 18. Bxe4 Qd8 19. Bc6 Nb6 20. Bf3 Qb8 21. g3 Nc4 22. b3 a5 23. Qc3 Nd6 24. Qd3 b4 25. Bc6 Rd8 26. Rc5 Nf5 27. Rfc1 Rd6 28. Qc4 Ne7 29. Bf3 Rd7 30. Rb5 Qd8 31. Rc5 Nf5 32. Bc6 Nd6 33. Qc2 Re7 34. Qe2 g6 35. Qf3 Kg7 36. Qf4 f6 37. e4 Rf7 38. Qf3 Nc8 39. Qe3 f5 40. exf5 exf5 41. Qe5+ Qf6 42. Bf3 Re7 43. Qf4 Nd6 44. Re5 Nf7 45. Rxe7 Qxe7 46. Rc6 Qg5 47. Qe3 Qxe3 48. fxe3 Nd6 49. Kf2 Kf7 50. Ke2 g5 51. Kd3 Ke6 52. Rc5 Kf6 53. Bc6 g4 54. e4 fxe4+ 55. Bxe4 a4 56. bxa4 Nxe4 57. Kxe4 Rxa4 58. Rc6+ Kg5 59. Rc5+ Kf6 60. Rc2 h5 61. Rc6+ Kg5 62. Rc5+ Kf6 63. Rc6+ Kg5 64. Rc5+ 1/2-1/2

[Event "SK Weilheim 1-SC NT Nuernberg 1"]
[Site "?"]
[Date "2024.01.14"]
[Round "4.4"]
[White "Fuchs, Georg"]
[Black "Promyshlyanskyy, Vitaliy"]
[Result "1/2-1/2"]
[WhiteElo "2108"]
[BlackElo "2259"]
[PlyCount "62"]
[EventDate "2024.??.??"]
[WhiteTeam "SK Weilheim 1"]
[BlackTeam "SC NT Nürnberg 1"]

1. e4 Nc6 2. d4 e5 3. Nf3 exd4 4. Bc4 Nf6 5. O-O Nxe4 6. Re1 d5 7. Bxd5 Qxd5 8. Nc3 Qh5 9. Nxe4 Be6 10. Bg5 Bd6 11. Nxd6+ cxd6 12. Bf4 Qd5 13. c3 O-O-O 14. Nxd4 Nxd4 15. Qxd4 Qxd4 16. cxd4 Kd7 17. a3 Rc8 18. Rac1 Bd5 19. f3 Rc6 20. Rxc6 Bxc6 21. Kf2 Ba4 22. Rc1 Re8 23. g4 Bb5 24. Rc2 Bd3 25. Rd2 Bg6 26. h4 h5 27. Re2 Rc8 28. Bd2 Rc2 29. Bg5 Rxe2+ 30. Kxe2 Ke6 31. Ke3 f6 1/2-1/2

[Event "SK Weilheim 1-SC NT Nuernberg 1"]
[Site "?"]
[Date "2024.01.14"]
[Round "4.5"]
[White "Hoffmann, Sebastian"]
[Black "de Francesco, Klaus"]
[Result "1-0"]
[WhiteElo "2200"]
[BlackElo "2126"]
[PlyCount "91"]
[EventDate "2024.??.??"]
[WhiteTeam "SC NT Nürnberg 1"]
[BlackTeam "SK Weilheim 1"]

1. d4 Nf6 2. c4 e6 3. Nc3 Bb4 4. Bd2 O-O 5. Nf3 d6 6. g3 Nc6 7. Bg2 e5 8. a3 Bxc3 9. Bxc3 Qe7 10. d5 Nb8 11. Nd2 c6 12. dxc6 Nxc6 13. O-O Bg4 14. h3 Be6 15. e4 Nd7 16. Kh2 Rac8 17. b3 a5 18. f4 f6 19. f5 Bf7 20. a4 Nc5 21. Rf3 b6 22. g4 Nd4 23. Rg3 Kh8 24. Rb1 g6 25. Bxd4 exd4 26. Qg1 Qe5 27. Nf3 Qf4 28. Nxd4 Nxe4 29. Bxe4 Qxe4 30. Re1 Qf4 31. Qe3 Qe5 32. Qc3 Qc5 33. Ne6 Bxe6 34. fxe6 Rce8 35. Rf3 Kg7 36. h4 h6 37. Re2 Re7 38. Rfe3 d5 39. cxd5 Qxd5 40. Rd2 Qb7 41. Qd4 Rc8 42. g5 hxg5 43. hxg5 Rh8+ 44. Kg3 Qc7+ 45. Kg4 Kg8 46. Qd8+ 1-0

[Event "SK Weilheim 1-SC NT Nuernberg 1"]
[Site "?"]
[Date "2024.01.14"]
[Round "4.6"]
[White "Lochte, Thomas"]
[Black "Kabatianski, Alexander"]
[Result "0-1"]
[WhiteElo "1964"]
[BlackElo "2269"]
[PlyCount "86"]
[EventDate "2024.??.??"]
[WhiteTeam "SK Weilheim 1"]
[BlackTeam "SC NT Nürnberg 1"]

1. e4 e6 2. d4 d5 3. Nc3 Bb4 4. e5 c5 5. a3 Bxc3+ 6. bxc3 Qc7 7. Qg4 f5 8. exf6 Nxf6 9. Bf4 Qa5 10. Qxg7 Qxc3+ 11. Ke2 Qxc2+ 12. Bd2 Rf8 13. Rc1 Qb2 14. Nf3 Ne4 15. Qh6 c4 16. Qe3 Nc6 17. Ke1 Nxd2 18. Qxd2 Qxa3 19. Rc3 Qb4 20. Be2 Bd7 21. g3 O-O-O 22. Kf1 Rf6 23. Kg2 Rdf8 24. Rf1 Qb6 25. Qe3 h6 26. h4 Be8 27. Ne5 Nxe5 28. Qxe5 Rf5 29. Qe3 h5 30. f4 Rg8 31. Bd3 Bg6 32. Rb1 Qd6 33. Bxf5 Bxf5 34. Rb5 b6 35. Qe5 Qxe5 36. fxe5 Rg4 37. Ra3 Kb7 38. Rb2 Rxd4 39. Rba2 a5 40. Rf2 Re4 41. Raa2 Rxe5 42. Rae2 Rxe2 43. Rxe2 c3 0-1

[Event "SK Weilheim 1-SC NT Nuernberg 1"]
[Site "?"]
[Date "2024.01.14"]
[Round "4.7"]
[White "Epding, Olaf"]
[Black "Limmer, Marco"]
[Result "1/2-1/2"]
[WhiteElo "2107"]
[BlackElo "1887"]
[PlyCount "116"]
[EventDate "2024.??.??"]
[WhiteTeam "SC NT Nürnberg 1"]
[BlackTeam "SK Weilheim 1"]

1. e4 e6 2. d4 d5 3. Nc3 Nf6 4. e5 Nfd7 5. f4 c5 6. Nf3 Nc6 7. Be3 Be7 8. Qd2 O-O 9. Be2 a6 10. O-O b5 11. dxc5 Nxc5 12. a3 Qc7 13. Nd4 f6 14. exf6 Rxf6 15. Bd3 Bb7 16. b4 Nxd3 17. cxd3 Raf8 18. g3 Bd6 19. Rac1 Qd7 20. Nxc6 Bxc6 21. Bd4 Rf5 22. Qe3 Bb7 23. Nb1 g5 24. Rce1 Bc8 25. Be5 Bxe5 26. fxe5 d4 27. Qc1 Bb7 28. Rxf5 Rxf5 29. Qc5 Rf8 30. Nd2 Rc8 31. Qd6 Qxd6 32. exd6 Bd5 33. Ne4 Bxe4 34. Rxe4 Kf7 35. Kf2 Rd8 36. h4 Rxd6 37. hxg5 Rd5 38. Rh4 Kg7 39. Kf3 Rf5+ 40. Kg4 Re5 41. Kh3 Rxg5 42. Rxd4 Rd5 43. Rxd5 exd5 44. Kg4 Kf6 45. Kf4 h6 46. Kg4 Ke5 47. Kh5 Kd4 48. Kxh6 Kxd3 49. g4 d4 50. g5 Kc3 51. g6 d3 52. g7 d2 53. g8=Q d1=Q 54. Qc8+ Kb3 55. Qxa6 Qc1+ 56. Kg6 Qxa3 57. Qxb5 Qxb4 58. Qxb4+ Kxb4 1/2-1/2

[Event "SK Weilheim 1-SC NT Nuernberg 1"]
[Site "?"]
[Date "2024.01.14"]
[Round "4.8"]
[White "Sindermann, Peter"]
[Black "Danninger, Hugo Kian"]
[Result "0-1"]
[WhiteElo "1836"]
[BlackElo "2076"]
[PlyCount "120"]
[EventDate "2024.??.??"]
[WhiteTeam "SK Weilheim 1"]
[BlackTeam "SC NT Nürnberg 1"]

1. c4 e6 2. Nc3 d5 3. cxd5 exd5 4. d4 Nf6 5. Bg5 Be7 6. Nf3 c6 7. a3 a5 8. e3 Bf5 9. Bd3 Bxd3 10. Qxd3 O-O 11. O-O Nbd7 12. Rfe1 Ne4 13. Bf4 Re8 14. Nxe4 dxe4 15. Qxe4 Bb4 16. Qf5 Bxe1 17. Rxe1 Nf6 18. Bg5 Qd5 19. Qc2 Ne4 20. Bf4 c5 21. h3 Rac8 22. Qb1 cxd4 23. Rd1 d3 24. Nd4 Qc4 25. Rxd3 Qc1+ 26. Rd1 Qxb1 27. Rxb1 Rc5 28. b4 axb4 29. axb4 Rc4 30. f3 Nc3 31. Rb3 Rxd4 32. Rxc3 Rxb4 33. Kf2 Rb2+ 34. Kg3 f6 35. e4 Ra8 36. Bc1 Rb1 37. Rc2 b5 38. Be3 b4 39. Bd4 b3 40. Rc3 Rd1 41. Rc4 Rb8 42. e5 Rxd4 43. Rxd4 b2 44. Rd1 b1=Q 45. Rxb1 Rxb1 46. exf6 gxf6 47. Kg4 Kg7 48. h4 Rb4+ 49. f4 h5+ 50. Kxh5 Rxf4 51. g4 Rd4 52. g5 f5 53. g6 f4 54. Kg5 f3 55. h5 f2 56. h6+ Kg8 57. h7+ Kg7 58. h8=Q+ Kxh8 59. Kh6 f1=Q 60. g7+ Kg8 0-1

[Event "SC Groebenzell 1-SF Augsburg 1"]
[Site "?"]
[Date "2024.01.14"]
[Round "4.1"]
[White "Djukic, Nikola"]
[Black "Schuster, Karsten"]
[Result "0-1"]
[WhiteElo "2511"]
[BlackElo "2305"]
[PlyCount "112"]
[EventDate "2024.??.??"]
[WhiteTeam "SF Augsburg 1"]
[BlackTeam "SC Gröbenzell 1"]

1. e4 c6 2. d4 d5 3. e5 Bf5 4. h4 h5 5. Bd3 Bxd3 6. Qxd3 Qa5+ 7. Nd2 e6 8. Ngf3 Ne7 9. O-O Qa6 10. c4 Nf5 11. b3 Be7 12. a4 Qa5 13. Ba3 Bxa3 14. Rxa3 Qb4 15. Raa1 Qe7 16. g3 O-O 17. c5 a5 18. Rfe1 Na6 19. Ng5 b6 20. Nf1 Nb4 21. Qd1 g6 22. Ne3 bxc5 23. Nxf5 exf5 24. Rc1 cxd4 25. Qxd4 c5 26. Qd2 Ra6 27. Nh3 Kg7 28. Nf4 Rd8 29. Qe2 Rb6 30. e6 f6 31. Kh2 Nc6 32. Qd1 d4 33. Nd3 Nb4 34. Nf4 Nd5 35. Nd3 Nc3 36. Qc2 Rdb8 37. Nf4 Rxb3 38. Qd3 Na2 39. Qa6 Nxc1 40. Rxc1 Rb2 41. Qxa5 Rxf2+ 42. Kg1 Rbb2 43. Rxc5 Rfc2 44. Rxc2 Rxc2 45. Qe1 Kh6 46. a5 Qc5 47. Nd3 Qc3 48. Qf1 Qd2 49. Qf4+ Kg7 50. Qxd2 Rxd2 51. Nf4 Ra2 52. e7 Kf7 53. Kf1 Rxa5 54. Nxg6 Re5 55. Nf4 Kxe7 56. Kf2 Kd6 0-1

[Event "SC Groebenzell 1-SF Augsburg 1"]
[Site "?"]
[Date "2024.01.14"]
[Round "4.2"]
[White "Hoy, Bernd"]
[Black "Pancevski, Filip"]
[Result "0-1"]
[WhiteElo "2187"]
[BlackElo "2446"]
[PlyCount "90"]
[EventDate "2024.??.??"]
[WhiteTeam "SC Gröbenzell 1"]
[BlackTeam "SF Augsburg 1"]

1. e4 e5 2. Nf3 Nc6 3. Bb5 a6 4. Ba4 d6 5. c3 Bd7 6. O-O Nf6 7. Re1 g6 8. d4 Qe7 9. d5 Nb8 10. Bc2 Bg7 11. h3 O-O 12. c4 a5 13. Be3 Na6 14. Nc3 Kh8 15. a3 Ng8 16. Rb1 f5 17. exf5 gxf5 18. b4 axb4 19. axb4 Bf6 20. b5 Nc5 21. Bxc5 dxc5 22. b6 e4 23. Na4 Qd6 24. Nd2 Bxa4 25. Bxa4 cxb6 26. Nf1 Bd4 27. Re2 Ne7 28. Rd2 Rf6 29. Kh1 Ng6 30. Bc2 Bc3 31. Re2 Nf4 32. Re3 Bd4 33. Reb3 Qc7 34. Qd2 Rg6 35. d6 Qxd6 36. Rxb6 Qe5 37. Rxg6 Nxg6 38. Rxb7 Rg8 39. Ng3 Nf4 40. Rf7 Rxg3 41. Qa5 Nh5 42. Rf8+ Rg8 43. Rxg8+ Kxg8 44. Qd8+ Kf7 45. Qd7+ Kg6 0-1

[Event "SC Groebenzell 1-SF Augsburg 1"]
[Site "?"]
[Date "2024.01.14"]
[Round "4.3"]
[White "Vuckovic, Aleksandar"]
[Black "Grawe, Christian"]
[Result "1/2-1/2"]
[WhiteElo "2339"]
[BlackElo "2197"]
[PlyCount "93"]
[EventDate "2024.??.??"]
[WhiteTeam "SF Augsburg 1"]
[BlackTeam "SC Gröbenzell 1"]

1. e4 c6 2. Nc3 d5 3. Qf3 dxe4 4. Nxe4 Nf6 5. Bc4 Nbd7 6. Nxf6+ exf6 7. Qg3 Ne5 8. Bb3 Ng6 9. Ne2 Bd6 10. Qe3+ Qe7 11. d4 O-O 12. Qxe7 Nxe7 13. Bf4 Bxf4 14. Nxf4 Ng6 15. Nxg6 Re8+ 16. Kd2 hxg6 17. Rhe1 Bd7 18. c4 Kf8 19. Kc3 Rxe1 20. Rxe1 Re8 21. Rxe8+ Kxe8 22. c5 b6 23. cxb6 axb6 24. a4 Ke7 25. Bc4 g5 26. Bd3 Kd6 27. b4 Kc7 28. a5 f5 29. Bc4 f6 30. g3 f4 31. d5 fxg3 32. hxg3 c5 33. bxc5 bxc5 34. Ba6 Bh3 35. Bb5 Bg2 36. Kc4 Kd6 37. Bc6 Bf1+ 38. Kc3 Ba6 39. Kb3 Kc7 40. Kb2 Kd6 41. Kc3 g4 42. Kb3 Kc7 43. Kb2 Kd6 44. Kc3 Ke5 45. Ba8 Kd6 46. Bc6 Ke5 47. Ba8 1/2-1/2

[Event "SC Groebenzell 1-SF Augsburg 1"]
[Site "?"]
[Date "2024.01.14"]
[Round "4.4"]
[White "Kempter, Ronald"]
[Black "Vuckovic, Zarko"]
[Result "0-1"]
[WhiteElo "2167"]
[BlackElo "2358"]
[PlyCount "84"]
[EventDate "2024.??.??"]
[WhiteTeam "SC Gröbenzell 1"]
[BlackTeam "SF Augsburg 1"]

1. Nf3 d5 2. g3 Nd7 3. d4 Ngf6 4. c4 dxc4 5. Qa4 c6 6. Qxc4 e5 7. dxe5 Nxe5 8. Nxe5 Qa5+ 9. Nc3 Qxe5 10. Bg2 Qe6 11. Qxe6+ Bxe6 12. Bg5 O-O-O 13. O-O h6 14. Be3 Kb8 15. h3 Bd6 16. Rac1 Rhe8 17. Rfd1 Be5 18. a3 Rxd1+ 19. Nxd1 Bb3 20. Nc3 Bxg3 21. Bxa7+ Kxa7 22. fxg3 Rd8 23. Nb1 Nd7 24. Nd2 Be6 25. Kf2 Nb6 26. Nf3 Nc4 27. b4 Kb6 28. Ra1 Kb5 29. a4+ Kxb4 30. Rb1+ Kxa4 31. Rxb7 c5 32. Ne1 Na5 33. Rb6 Bc4 34. Be4 Nb3 35. Bd3 Be6 36. Nc2 Rc8 37. Be4 Ka5 38. Rb7 c4 39. Nb4 Nc5 40. Nc6+ Rxc6 41. Bxc6 Nxb7 42. Bxb7 Bxh3 0-1

[Event "SC Groebenzell 1-SF Augsburg 1"]
[Site "?"]
[Date "2024.01.14"]
[Round "4.5"]
[White "Lavrinenkov, Vadim"]
[Black "Pieper, Thomas"]
[Result "1-0"]
[WhiteElo "2286"]
[BlackElo "2156"]
[PlyCount "95"]
[EventDate "2024.??.??"]
[WhiteTeam "SF Augsburg 1"]
[BlackTeam "SC Gröbenzell 1"]

1. d4 Nf6 2. Nf3 g6 3. Bg5 Bg7 4. Nbd2 d6 5. e4 h6 6. Bh4 g5 7. Bg3 Nh5 8. c3 c5 9. d5 Nd7 10. Be2 Nxg3 11. hxg3 Nf6 12. O-O e6 13. dxe6 Bxe6 14. Bb5+ Ke7 15. a4 Qc7 16. Re1 Rhd8 17. Bc4 d5 18. exd5 Nxd5 19. Qb3 Kf8 20. Rad1 Rd7 21. Ne4 Rad8 22. Rd2 Qb6 23. Qa3 Rc8 24. Red1 Nf6 25. Bxe6 Rxd2 26. Rxd2 Qxe6 27. Nxc5 Qe7 28. Nd7+ Nxd7 29. Rxd7 Qxa3 30. bxa3 Rxc3 31. Rxb7 Rc1+ 32. Kh2 g4 33. Nh4 Rc5 34. Rb5 Bd4 35. Nf5 Rxb5 36. axb5 Bxf2 37. Nxh6 Kg7 38. Nxg4 Bd4 39. Kh3 Kg6 40. Nh2 Kf5 41. Nf3 Bc3 42. g4+ Ke6 43. Ng5+ Ke7 44. Kg3 f6 45. Ne4 Be5+ 46. Kf3 Ke6 47. Ke3 Kd5 48. Kd3 1-0

[Event "SC Groebenzell 1-SF Augsburg 1"]
[Site "?"]
[Date "2024.01.14"]
[Round "4.6"]
[White "Zentgraf, Alexander"]
[Black "Weller, Uli"]
[Result "0-1"]
[WhiteElo "2106"]
[BlackElo "2263"]
[PlyCount "64"]
[EventDate "2024.??.??"]
[WhiteTeam "SC Gröbenzell 1"]
[BlackTeam "SF Augsburg 1"]

1. d4 Nf6 2. Nf3 g6 3. Nc3 d5 4. Bf4 Bg7 5. e3 O-O 6. Be2 c5 7. dxc5 Qa5 8. O-O Qxc5 9. Nd2 e6 10. Nb3 Qe7 11. Bg3 Rd8 12. Bh4 h6 13. f4 b6 14. a4 a6 15. a5 b5 16. Bf3 Bb7 17. Ne2 Nbd7 18. Ned4 Rac8 19. Qe2 Re8 20. c3 e5 21. fxe5 Nxe5 22. Rae1 g5 23. Nf5 Qd7 24. Nxg7 Kxg7 25. Bg3 g4 26. Bxg4 Qxg4 27. Qf2 Qg6 28. Bxe5 Rxe5 29. Nd4 Ne4 30. Qf4 f6 31. Rf3 Kh7 32. Nf5 Ng5 0-1

[Event "SC Groebenzell 1-SF Augsburg 1"]
[Site "?"]
[Date "2024.01.14"]
[Round "4.8"]
[White "Foessmeier, Ulrich Johann"]
[Black "Abdic, Adnan"]
[Result "1/2-1/2"]
[WhiteElo "2162"]
[BlackElo "2160"]
[PlyCount "81"]
[EventDate "2024.??.??"]
[WhiteTeam "SC Gröbenzell 1"]
[BlackTeam "SF Augsburg 1"]

1. d4 f5 2. g3 Nf6 3. Bg2 g6 4. c3 Bg7 5. Qb3 Nc6 6. Nh3 e6 7. O-O O-O 8. Nd2 d5 9. Nf4 Qd6 10. Nf3 b6 11. Re1 Ne4 12. Nd3 Na5 13. Qc2 c5 14. Bf4 Qe7 15. Be5 Bh6 16. e3 Bd7 17. Rad1 Rac8 18. Qb1 Bb5 19. Re2 Nc6 20. h4 Bxd3 21. Qxd3 c4 22. Qc2 b5 23. Bf4 Bg7 24. Nh2 Nf6 25. Bg5 Qd6 26. Bxf6 Bxf6 27. Nf1 b4 28. f3 bxc3 29. bxc3 Bg7 30. e4 f4 31. exd5 exd5 32. Bh3 Rce8 33. Rde1 Rxe2 34. Qxe2 Nd8 35. Qe7 Qc6 36. Qd7 Qxd7 37. Bxd7 Rf7 38. Re8+ Rf8 39. Re1 Rf7 40. Re8+ Rf8 41. Re1 1/2-1/2

[Event "SC 1868 Bamberg 1-SK Schwandorf 1"]
[Site "?"]
[Date "2024.01.14"]
[Round "4.1"]
[White "Zvara, Petr"]
[Black "Kolb, Tobias"]
[Result "0-1"]
[WhiteElo "2335"]
[BlackElo "2329"]
[PlyCount "62"]
[EventDate "2024.??.??"]
[WhiteTeam "SK Schwandorf 1"]
[BlackTeam "SC 1868 Bamberg 1"]

1. Nf3 d5 2. e3 c5 3. c4 e6 4. cxd5 exd5 5. Bb5+ Nc6 6. O-O Nf6 7. d4 cxd4 8. exd4 Be7 9. Nc3 O-O 10. h3 Bf5 11. Bf4 Rc8 12. Re1 a6 13. Bd3 Bxd3 14. Qxd3 h6 15. Re2 Bb4 16. Ne5 Qb6 17. Nxc6 Rxc6 18. Nd1 Re6 19. Ne3 Bd6 20. Bxd6 Qxd6 21. Rc1 Rfe8 22. Rec2 Ne4 23. Nf1 Qf4 24. Qe3 Qf6 25. Rc8 Nd6 26. Rxe8+ Rxe8 27. Qb3 Re2 28. Qf3 Qxf3 29. gxf3 Rxb2 30. Ne3 Rxa2 31. Nxd5 Rd2 0-1

[Event "SC 1868 Bamberg 1-SK Schwandorf 1"]
[Site "?"]
[Date "2024.01.14"]
[Round "4.2"]
[White "Burdalev, Kirill"]
[Black "Barth, Norbert"]
[Result "1-0"]
[WhiteElo "2386"]
[BlackElo "2221"]
[PlyCount "63"]
[EventDate "2024.??.??"]
[WhiteTeam "SC 1868 Bamberg 1"]
[BlackTeam "SK Schwandorf 1"]

1. d4 Nf6 2. c4 e6 3. Nf3 Bb4+ 4. Bd2 Bxd2+ 5. Qxd2 d5 6. Nc3 O-O 7. e3 Qe7 8. cxd5 exd5 9. Bd3 Nc6 10. h3 Rd8 11. a3 Ne4 12. Qc2 f5 13. Ne2 Be6 14. Rc1 Bf7 15. b4 a6 16. h4 Rd6 17. Nf4 Rh6 18. O-O Rd8 19. g3 Kh8 20. Kg2 Rhd6 21. Ne5 Nxe5 22. dxe5 Rc6 23. Qb2 Rb6 24. f3 Nc5 25. Bxf5 Ne6 26. Bb1 Nxf4+ 27. exf4 c6 28. Qd4 Qc7 29. f5 a5 30. e6 Be8 31. f6 axb4 32. axb4 1-0

[Event "SC 1868 Bamberg 1-SK Schwandorf 1"]
[Site "?"]
[Date "2024.01.14"]
[Round "4.3"]
[White "Schmidt, Oliver"]
[Black "Pribyl, Josef"]
[Result "0-1"]
[WhiteElo "2020"]
[BlackElo "2206"]
[PlyCount "116"]
[EventDate "2024.??.??"]
[WhiteTeam "SK Schwandorf 1"]
[BlackTeam "SC 1868 Bamberg 1"]

1. d4 Nf6 2. c4 g6 3. Nc3 d5 4. Nf3 Bg7 5. Qb3 dxc4 6. Qxc4 O-O 7. e4 Na6 8. Be2 c5 9. d5 e6 10. O-O exd5 11. exd5 Bf5 12. Be3 Re8 13. Rad1 Qb6 14. Rd2 Rad8 15. h3 Ne4 16. Nxe4 Rxe4 17. Qc1 Rxe3 18. fxe3 Bh6 19. Rdd1 Re8 20. Qc4 Qxb2 21. Qb5 Qxb5 22. Bxb5 Bxe3+ 23. Kh1 Rd8 24. Bxa6 bxa6 25. Rfe1 Bc2 26. Ra1 Bf4 27. Re7 Rxd5 28. Rxa7 Rd6 29. Ra8+ Kg7 30. Rc8 Be3 31. Re1 Re6 32. Rc7 h6 33. Nd2 Bd3 34. Nb3 Re5 35. Nxc5 Rxc5 36. Rxe3 Rxc7 37. Rxd3 Rc5 38. Ra3 a5 39. Ra4 h5 40. h4 Kf6 41. Kh2 Ke6 42. Kg3 Kd5 43. Rf4 Rc3+ 44. Kh2 Rc4 45. Rxf7 Rxh4+ 46. Kg3 Rg4+ 47. Kf3 Kc4 48. Rb7 a4 49. Rb6 Kc3 50. a3 Kc2 51. g3 Rc4 52. Rxg6 Kb3 53. Rg5 Kxa3 54. Rxh5 Kb3 55. g4 a3 56. Rh2 a2 57. Rxa2 Kxa2 58. g5 Kb3 0-1

[Event "SC 1868 Bamberg 1-SK Schwandorf 1"]
[Site "?"]
[Date "2024.01.14"]
[Round "4.4"]
[White "Hofmann, Lorenz"]
[Black "Muehling, Werner"]
[Result "1/2-1/2"]
[WhiteElo "2138"]
[BlackElo "2015"]
[PlyCount "38"]
[EventDate "2024.??.??"]
[WhiteTeam "SC 1868 Bamberg 1"]
[BlackTeam "SK Schwandorf 1"]

1. e4 e5 2. Nf3 Nc6 3. Bc4 Bc5 4. O-O Nf6 5. d3 d6 6. c3 Bb6 7. Bb3 h6 8. Nbd2 a6 9. Nc4 Ba7 10. Be3 b5 11. Ncd2 O-O 12. Bxa7 Rxa7 13. Qe2 Re8 14. Rfe1 Na5 15. Bc2 c5 16. Nf1 Nc6 17. Ng3 Be6 18. a4 b4 19. Rad1 Qb6 1/2-1/2

[Event "SC 1868 Bamberg 1-SK Schwandorf 1"]
[Site "?"]
[Date "2024.01.14"]
[Round "4.5"]
[White "Lautner, Juergen"]
[Black "Mittag, Ralf"]
[Result "1/2-1/2"]
[WhiteElo "1996"]
[BlackElo "2113"]
[PlyCount "79"]
[EventDate "2024.??.??"]
[WhiteTeam "SK Schwandorf 1"]
[BlackTeam "SC 1868 Bamberg 1"]

1. c4 g6 2. g3 Bg7 3. Bg2 c5 4. Nc3 Nc6 5. a3 e6 6. b4 Nge7 7. bxc5 Qa5 8. Bb2 O-O 9. Rc1 Qxc5 10. d3 Qa5 11. Nf3 d5 12. Nd2 Ne5 13. Nb3 Qd8 14. cxd5 exd5 15. O-O Rb8 16. Qc2 a6 17. Rfd1 d4 18. Nxd4 Qxd4 19. Nd5 Qxb2 20. Nxe7+ Kh8 21. Qxb2 Nf3+ 22. Bxf3 Bxb2 23. Rc7 Bxa3 24. Nxc8 Rbxc8 25. Rxc8 Rxc8 26. Bxb7 Rc2 27. Bxa6 Rxe2 28. d4 Re8 29. Bc4 Re7 30. Kg2 Kg7 31. h4 Rd7 32. Rd3 Bb2 33. d5 Be5 34. Bb5 Rd8 35. Bc6 Bd6 36. Kf3 Rb8 37. Rd2 Rb3+ 38. Kg2 f5 39. f3 f4 40. g4 1/2-1/2

[Event "SC 1868 Bamberg 1-SK Schwandorf 1"]
[Site "?"]
[Date "2024.01.14"]
[Round "4.6"]
[White "Wichmann, Adrian"]
[Black "Steger, Eric"]
[Result "1/2-1/2"]
[WhiteElo "2084"]
[BlackElo "1967"]
[PlyCount "48"]
[EventDate "2024.??.??"]
[WhiteTeam "SC 1868 Bamberg 1"]
[BlackTeam "SK Schwandorf 1"]

1. e4 e5 2. Nf3 Nc6 3. Bc4 Bc5 4. c3 Nf6 5. d3 h6 6. O-O O-O 7. d4 exd4 8. cxd4 Bb6 9. e5 Nh7 10. Bf4 d5 11. exd6 cxd6 12. d5 Ne7 13. Nd4 a6 14. Nc3 Nf5 15. Nf3 Re8 16. Qd2 g5 17. Bg3 Nxg3 18. hxg3 Bf5 19. Nd4 Bg6 20. Rad1 Qf6 21. Nb3 Nf8 22. Bd3 Nd7 23. Bxg6 Qxg6 24. Qd3 Qxd3 1/2-1/2

[Event "SC 1868 Bamberg 1-SK Schwandorf 1"]
[Site "?"]
[Date "2024.01.14"]
[Round "4.7"]
[White "Stoeckl, Stephan"]
[Black "Breithut, Kurt-Georg"]
[Result "1/2-1/2"]
[WhiteElo "2028"]
[BlackElo "2136"]
[PlyCount "117"]
[EventDate "2024.??.??"]
[WhiteTeam "SK Schwandorf 1"]
[BlackTeam "SC 1868 Bamberg 1"]

1. Nf3 d5 2. c4 c6 3. g3 Nf6 4. Bg2 g6 5. b3 Bg7 6. Bb2 O-O 7. O-O Qb6 8. Qc2 Na6 9. d3 Bg4 10. Nc3 Rfd8 11. Na4 Qc7 12. cxd5 Bxf3 13. Bxf3 Nxd5 14. Bxg7 Kxg7 15. Qb2+ Kg8 16. Rac1 Qd6 17. Rfd1 Rd7 18. d4 Qf6 19. Bg2 Nb6 20. Nc5 Nxc5 21. Rxc5 Rad8 22. e3 Nd5 23. Re1 a6 24. Qb1 e6 25. b4 Qe7 26. a4 Nc7 27. Qb3 Kg7 28. h4 h5 29. Bf3 Rb8 30. Kg2 Rbd8 31. Qb1 Nd5 32. Qb2 Kh7 33. b5 cxb5 34. axb5 b6 35. Rc6 Nb4 36. bxa6 Nxc6 37. Bxc6 Rc7 38. Bb7 Rxb7 39. axb7 Qxb7+ 40. Kg1 b5 41. Qb4 Ra8 42. Rb1 Rb8 43. Rb2 Kg7 44. Rb1 Qe4 45. Rc1 Qb7 46. Qd6 Ra8 47. Qe5+ Kg8 48. e4 b4 49. Rc7 Qb6 50. d5 exd5 51. exd5 b3 52. Qe7 Rf8 53. Rb7 Qd4 54. d6 b2 55. d7 Qd1+ 56. Kh2 b1=Q 57. Rxb1 Qxb1 58. Qxf8+ Kxf8 59. d8=Q+ 1/2-1/2